Music Quiz

Random Music or Rock Quiz

Name 2000's Rock Bands by Song? Quiz Stats

 Plays Quiz not verified by Sporcle

Score 0/20 Timer 10:00
0 Plays Today
% Correct
Linkin Park
94.7%
Nickelback
92.3%
Coldplay
91.3%
Blink 182
89.8%
The White Stripes
88.4%
System of a Down
86%
Evanescence
84.5%
3 Doors Down
84%
Foo Fighters
81.8%
Jimmy Eat World
75.5%
% Correct
Hoobastank
71.9%
Creed
66.8%
Finger Eleven
61.3%
Avenged Sevenfold
59.8%
P.O.D.
56.2%
Shinedown
48.2%
Muse
40%
Lostprophets
27.1%
Crossfade
26.9%
Sevendust
15.7%

You're not logged in!

Compare scores with friends on all Sporcle quizzes.
OR
Log In

Sporcle TV

Today on Sporcle TV


Watch our educational content, quiz creation guides, and fun videos on Sporcle TV.

Show Comments

Extras

Top Quizzes Today


Score Distribution

Your Account Isn't Verified!

In order to create a playlist on Sporcle, you need to verify the email address you used during registration. Go to your Sporcle Settings to finish the process.

Report this User

Report this user for behavior that violates our Community Guidelines.

Details: